Διανυσματικός λογισμός

Αποθηκεύτηκε σε:
Λεπτομέρειες βιβλιογραφικής εγγραφής
Κύριος συγγραφέας: Marsden, Jerrold E.
Άλλοι συγγραφείς: Tromba, Anthony, Γιαννόπουλος, Απόστολος (Μεταφραστής), Καραγιαννάκης, Δημήτρης (Επιμελητής έκδοσης)
Μορφή: Βιβλίο
Γλώσσα:Greek
Δημοσίευση: Ηράκλειο : Πανεπιστημιακές Εκδόσεις Κρήτης, 2008
Έκδοση:12η έκδ.
Σειρά:Πανεπιστημιακή βιβλιοθήκη θετικών επιστημών. Μαθηματικά.
Θέματα:
Ετικέτες: Προσθήκη ετικέτας
Δεν υπάρχουν, Καταχωρήστε ετικέτα πρώτοι!

MARC

LEADER 00000nam a2200000 i 4500
001 1/9939
008 100806s2008 gre d
020 |a 978-960-7309-45-7 
035 |l 10108827 
040 |a GR-MY-UA  |b gre  |e aacr 
041 0 |a gre 
082 0 |a 515.63  |2 (22) 
100 1 |a Marsden, Jerrold E. 
245 1 0 |a Διανυσματικός λογισμός /  |c Jerold E. Marsden, Antony J. Tromba ; μετάφραση Αποστόλης Γιαννόπουλος ; επιμέλεια Δημήτρης Καραγιαννάκης 
250 |a 12η έκδ. 
260 |a Ηράκλειο :   |b Πανεπιστημιακές Εκδόσεις Κρήτης,   |c 2008 
300 |a xvi, 557 σ.;  |b σχέδια;  |c 29 εκ. 
490 1 |a Πανεπιστημιακή βιβλιοθήκη θετικών επιστημών/Μαθηματικά 
504 |a Ευρετήριο: σ.541-552 
580 |a Translation of: Vector calculus 
650 0 0 |a Calculus. 
650 0 0 |a Vector analysis. 
700 1 |a Tromba, Anthony. 
700 1 |a Γιαννόπουλος, Απόστολος.  |4 trl 
700 1 |a Καραγιαννάκης, Δημήτρης.  |4 edt 
730 0 |a Vector calculus. 
830 0 |a Πανεπιστημιακή βιβλιοθήκη θετικών επιστημών.   |p Μαθηματικά. 
852 |a INST  |b CHIOS  |e 20100806  |h 515.63 MAR  |p 005200032151  |q 005200032151  |t BK  |y 0 
852 |a INST  |b CHIOS  |e 20100806  |h 515.63 MAR  |p 005200032152  |q 005200032152  |t BK  |y 0 
901 |a BIBL2-2010-2 
909 |a Χ  |b 148697 
909 |a Χ  |b 148698 
920 |a ΦΟΙΤΗΤΙΚΗ ΜΕΡΙΜΝΑ  |y ΧΙΟΣ  |z 2010-08 
970 |a ΣΠΕΝΤΖΑ  |b ΕΛΕΝΗ  |z 2010/08/06